| 000 | 00847nam a2200229 i 4500 | ||
|---|---|---|---|
| 001 | 13920 | ||
| 003 | ES-MaACL | ||
| 005 | 20250814084822.0 | ||
| 007 | t| | ||
| 008 | 970724b1996 sp a 001 0 spa | ||
| 020 | _a84-87991-04-1 | ||
| 080 | _a791.43(460.27 Colmenar Viejo)(091) | ||
| 100 | 1 |
_aMatellano García, Víctor. _978935 |
|
| 245 | 1 | 3 |
_aUn lugar para el cine _b: Colmenar Viejo y la industria cinematográfica / _cVíctor Matellano García ; prólogo, Paul Naschy. |
| 260 |
_a[Colmenar Viejo] : _bAyuntamiento de Colmenar Viejo, Delegación de Cultura, _c1996. |
||
| 300 |
_a161 p. : _bil ; _c22 cm. |
||
| 650 | 4 |
_aCine- _zColmenar Viejo _911018 |
|
| 700 | 1 |
_aNaschy, Paul. _984960 |
|
| 710 | 1 |
_aColmenar Viejo. _bAyuntamiento. _92997 |
|
| 852 |
_aES-MaACL _jL-21218 _z- Dedicatoria autógrafa del autor |
||
| 999 |
_c13920 _d13920 |
||